| 000 | 01752nam a22004097a 4500 | ||
|---|---|---|---|
| 003 | CHAP | ||
| 005 | 20220329140918.0 | ||
| 008 | 971013s1967 mx r 00010 spa d | ||
| 010 | _a59703 | ||
| 011 | _a60675 | ||
| 035 | _a64837 | ||
| 040 | _cCHAP | ||
| 082 | 0 | 4 |
_a636.0891 _bF7Y |
| 100 | 0 | 0 |
_aFrandson, R. D. _943007 |
| 245 | 1 | _aAnatomía y fisiología de los animales domésticos | |
| 260 |
_aMéxico, D. F. : _bInteramericana, _c1967 |
||
| 300 |
_a428 p. _b: ilus. |
||
| 590 |
_aBATCH-UPD _b10 _c20130110 _lUCH01 _h0943 |
||
| 590 |
_aBATCH-UPD _b10 _c20130410 _lUCH01 _h0558 |
||
| 590 |
_aBATCH-UPD _b10 _c20130914 _lUCH01 _h0338 |
||
| 590 |
_aCONVERSION _b10 _c20130109 _lUCH01 _h1332 |
||
| 650 | 1 | 4 |
_aAnimales domésticos _xAnatomía y fisiología. _95892 |
| 901 | _aBK | ||
| 942 | _cLIBRO | ||
| 949 |
_a636.0891 F7Y _bBC _cLIBRO _d-142394 _eLIBRO _fc.2 _h14412 _i64837 _si |
||
| 949 |
_a636.0891 F7Y _bBC _cLIBRO _d-142395 _eLIBRO _fc.3 _h14413 _i64837 _si |
||
| 949 |
_a636.0891 F7Y _bBC _cLIBRO _d-142396 _eLIBRO _fc.4 _h14414 _i64837 _si |
||
| 949 |
_a636.0891 F7Y _bBC _cLIBRO _d-142397 _eLIBRO _fc.5 _h15515 _i64837 _si |
||
| 949 |
_a636.0891 F7Y _bBC _cLIBRO _d-142398 _eLIBRO _fc.6 _h14416 _i64837 _si |
||
| 949 |
_a636.0891 F7Y _bBC _cLIBRO _d-142399 _eLIBRO _fc.7 _h14417 _i64837 _si |
||
| 949 |
_a636.0891 F7Y _bBC _cLIBRO _d-142400 _eLIBRO _fc.8 _h144118 _i64837 _si |
||
| 949 |
_a636.0891 F7Y _bBC _cLIBRO _d-142404 _eLIBRO _fc.12 _h14665 _i64837 _si |
||
| 949 |
_a636.0891 F7Y _bBC _cLIBRO _d33724000830022 _eLIBRO _fc.9 _h14419 _i64837 _si |
||
| 949 |
_a636.0891 F7Y _bBC _cLIBRO _d33724000830147 _eLIBRO _fc.11 _h14663 _i64837 _si |
||
| 949 |
_a636.0891 F7Y _bBC _cLIBRO _d33724000830204 _eLIBRO _fc.10 _h14420 _i64837 _si |
||
| 949 |
_a636.0891 F7Y _bBC _cLIBRO _d33724000944971 _eLIBRO _h14411 _i64837 _si |
||
| 999 |
_c59703 _d59703 |
||